| 000 | 00666nam a2200265Ia 4500 | ||
|---|---|---|---|
| 008 | 170203s9999 xx 000 0 und d | ||
| 020 | _a0-732962501 | ||
| 050 | _aFic | ||
| 050 | _bM643f | ||
| 100 | _aMiles, Annie. | ||
| 245 | _aFrom cow to milk carton / | ||
| 245 | _cwritten by Annie Miles. | ||
| 260 | _aSouth Yarra : | ||
| 260 | _bMacmillan Education, | ||
| 260 | _c©2000. | ||
| 300 | _a16 pages : | ||
| 300 | _bcolor illustrations ; | ||
| 300 | _c21 cm. | ||
| 650 | _aCows -- | ||
| 650 | _aDairying -- | ||
| 650 | _aMilk -- | ||
| 650 | _xJuvenile literature. | ||
| 650 | _xJuvenile literature. | ||
| 650 | _xJuvenile literature. | ||
| 999 |
_c306517 _d306517 |
||